000 00606nam a2200181Ia 4500
003 IN-BaIIA
008 211028s9999 xx s 000 0 eng d
020 _a9781510608597 (Print)
020 _a9781510608603 (Online)
040 _cIIA Library
100 _aZelinski, Brian, ed.
_948714
245 0 _aWindow and Dome Technologies and Materials XV
_h[eBook]
260 _aWashington, USA
_bSPIE
_c2017
300 _aOnline resource
490 _aProceedings of SPIE; V. 10179
856 _uhttps://www.spiedigitallibrary.org/conference-proceedings-of-spie/10179
_yClick Here to Access eBook
942 _cEB
999 _c33801
_d33801